LEADER 00933nam0-22003251i-450- 001 990003146180403321 005 20100226140902.0 035 $a000314618 035 $aFED01000314618 035 $a(Aleph)000314618FED01 035 $a000314618 100 $a20030910d1963----km-y0itay50------ba 101 0 $aeng 102 $aUS 200 1 $aOld societies and new states$ethe quest for modernity in Asia and Africa$fedited by Clifford Geertz 210 $aNew York$cFree Press of Glencoe$d1963 215 $aVIII, 310 p.$d22 cm 610 0 $aAntropologia e politica 676 $a13110 676 $a19310 702 1$aGeertz,$bClifford$f<1926-2006> 801 0$aIT$bUNINA$gRICA$2UNIMARC 901 $aBK 912 $a990003146180403321 952 $aSE 084.07.17-$bB028382$fDECSE 952 $a19310 OLD$b031299$fSES 959 $aSES 959 $aDECSE 996 $aOld societies and new states$9455988 997 $aUNINA LEADER 00971nam0-22002531i-450 001 990001788520403321 005 20240215155229.0 100 $a20030910d1993----km-y0itay50------ba 101 0 $aeng$aita 102 $aIT 200 1 $aProceedings of the international congress on chestnut$eSpoleto, 20-23 ottobre 1993$d= Congresso internazionale sul castagno$eSpoleto, 20-23 ottobre 1993$feditors Comunità Montana Monti Martani e Serano of Spoleto 210 $aSpoleto$cComunità Montana dei Monti Martani e del Serano$d1993 215 $a687 p.$d30 cm 610 0 $aCastanea 676 $a634.9724$v22$zita 710 12$aInternational congress of chestnut$f<1993 ;$eSpoleto>$0356794 801 0$aIT$bUNINA$gRICA$2UNIMARC 901 $aBK 912 $a990001788520403321 952 $a60 634.972 CMMS 1993$b5232$fFAGBC 952 $aA PAT 1501$b902/2024$fFAGBC 959 $aFAGBC 996 $aProceedings of the international congress on chestnut$9408011 997 $aUNINA